[Event "Skilling Open CCT 2021"]
[Site "Online"]
[Date "2020.11.19"]
[Round "8.3"]
[White "Duda, Jan-Krzysztof"]
[Black "Radjabov, Teimour"]
[Result "0-1"]
[WhiteElo "2774"]
[BlackElo "2758"]
[Annotator "TA"]
[PlyCount "72"]
[EventDate "2020.11.20"]
[EventType "tourn"]
[EventCountry "NET"]
[Tiebreak "Koya+Number of black wins+Number of wins"]
[SourceTitle "playchess.com"]
[Source "ChessBase"]
[SourceQuality "1"]

{[%evp 18,72,20,19,27,6,5,2,33,8,14,16,23,13,10,-11,0,-12,-14,-13,0,-22,-6,-2,
0,0,-14,-11,0,0,0,0,0,-48,26,27,41,29,14,-20,-12,-601,-601,-573,-578,-567,-545,
-29993,-29994,-29994,-29994,-29997,-2359,-1730,-2167,-1947,-1934]} 1. Nf3 Nf6
2. g3 g6 3. b3 Bg7 4. Bb2 c5 5. Bg2 d6 6. O-O e5 7. c4 O-O 8. Nc3 Nc6 9. d3 h6
10. Nd2 Be6 {A38: Symmetrical English vs ...g6: 4 Bg2 Bg7 5 Nf3 Nf6.} 11. Rc1
$5 {[%mdl 4] Leaves trodden paths.} Qd7 12. a3 {[#]} Rac8 $146 {The position
is equal.} ({Predecessor:} 12... Rad8) 13. Nd5 (13. b4 $5) 13... b6 14. Bc3 Bg4
15. Nxf6+ Bxf6 16. Ne4 Bg7 17. Bd2 f5 18. Nc3 f4 19. Bd5+ Kh8 20. f3 Bh3 21.
Rf2 Ne7 22. Be4 Nf5 23. gxf4 exf4 24. Bxf4 Bd4 25. Nd5 Qg7 (25... g5 $15 26.
Bd2 g4) 26. Bd2 $11 {Threatens to win with e3.} g5 $1 {[%cal Rg5g4] White must
now prevent ...g4.} (26... Bxf2+ 27. Kxf2 Qd7 28. Qg1 $16) 27. e3 g4 $1 {
[%cal Rg4f3] Strongly threatening ...gxf3+.} 28. fxg4 ({Reject} 28. exd4 gxf3+
29. Kh1 Bg2+ 30. Kg1 Rg8 $17) 28... Bxg4 29. Qe1 $2 {[%mdl 8192] [#] Loses the
game.} (29. Qf1 $11 Bf3+ 30. Rg2 Bxg2 31. Qxg2) 29... Bf3+ $1 $19 30. Kf1 {[#]}
Nh4 $1 31. exd4 Bg2+ 32. Ke2 Qg4+ {[%mdl 64] Double Attack} 33. Ke3 Bxe4 34.
Bc3 Ng2+ (34... Qh3+ $142 35. Rf3 Qxf3+ 36. Kd2 Qxd3#) 35. Kd2 Nxe1 36. dxc5+ {
[#]} Kg8 $1 {Weighted Error Value: White=0.58/Black=0.34} 0-1

[Event "Skilling Open CCT 2021"]
[Site "Online"]
[Date "2020.11.19"]
[Round "8.4"]
[White "Ding, Liren"]
[Black "Carlsen, Magnus"]
[Result "1/2-1/2"]
[WhiteElo "2836"]
[BlackElo "2881"]
[Annotator "TA"]
[PlyCount "98"]
[EventDate "2020.11.20"]
[EventType "tourn"]
[EventCountry "NET"]
[Tiebreak "Koya+Number of black wins+Number of wins"]
[SourceTitle "playchess.com"]
[Source "ChessBase"]
[SourceQuality "1"]

{[%evp 9,98,31,24,27,32,32,22,25,22,23,19,21,29,18,76,87,78,89,78,79,79,87,89,
72,91,69,62,35,52,45,57,8,27,-3,-2,-9,0,0,8,0,0,0,0,0,0,0,0,0,0,0,0,0,0,0,0,0,
0,0,0,0,0,0,0,0,0,0,0,0,0,0,0,0,0,0,0,0,0,0,0,0,0,0,0,0,0,0,0,0,0,0,0]} 1. d4
Nf6 2. c4 e6 3. Nf3 d5 4. Nc3 {[#]} h6 $146 ({Predecessor:} 4... Be7 5. Bf4 O-O
6. e3 Nbd7 7. Be2 dxc4 8. O-O a6 9. a4 c5 10. d5 exd5 11. Nxd5 Nxd5 12. Qxd5
Nf6 13. Qxd8 Rxd8 14. Bc7 Re8 15. Bxc4 Be6 16. Bxe6 fxe6 17. a5 Nd5 18. Be5 c4
19. Rfc1 Rac8 20. Nd2 Nb4 21. Rxc4 Nd3 22. Bc3 Bf6 23. Rb1 Rxc4 24. Nxc4 Bxc3
25. bxc3 Rc8 26. Nd6 Rxc3 27. g4 Rc2 28. Rxb7 Rxf2 29. Rb3 Nc5 30. Rb6 Nd3 31.
Rxa6 h6 32. Rc6 Ra2 33. Nc4 Ne1 34. h3 {Martirosyan,H (2622)-Nakamura,H (2736)
Chess.com INT 2020 1/2-1/2 (68)}) 5. Bf4 Bd6 6. Bxd6 {D37: Queen's Gambit
Declined: 5 Bf4.} Qxd6 7. e3 O-O 8. Rc1 b6 9. cxd5 Nxd5 10. Nxd5 Qxd5 11. a3
Qd6 {[#]} (11... Bb7 $11) 12. Qc2 $1 $16 c6 13. Qe4 Qd5 14. Bd3 {[%csl Gd3]
[%cal Re4h7]} Qxe4 15. Bxe4 Bb7 16. Ne5 f6 17. Ng6 ({Worse is} 17. Bxc6 Rc8 $17
) ({Not} 17. Nxc6 Nxc6 18. Rxc6 (18. Bxc6 $2 Rac8 $19) 18... f5 $19) 17... Rd8
18. Nf4 Rd6 19. O-O Nd7 20. Rc3 Rd8 21. Rfc1 {[%cal Re4c6]} e5 {The position
is equal.} 22. dxe5 Nxe5 {[#] ( -> ...Rd1+)} 23. h3 Rd1+ 24. Kh2 Rxc1 25. Rxc1
Rd6 26. Ng6 Nxg6 27. Bxg6 $11 {[%mdl 4096] Endgame KRB-KRB} Kf8 28. Be4 Rd2 29.
Bxc6 Bxc6 30. Rxc6 Rxf2 {KR-KR} 31. b4 Re2 32. Rc8+ Kf7 33. Rc7+ Kg6 34. Rxa7
Rxe3 35. a4 Ra3 36. a5 bxa5 37. bxa5 f5 38. a6 f4 39. Ra8 Ra2 40. Rf8 Rxa6 41.
Rxf4 Rf6 (41... Kh5 {feels hotter.} 42. Rf5+ g5 43. Rf3 Kg6 44. Rc3 h5) 42. Kg3
Rxf4 43. Kxf4 {KPP-KPP} Kf6 44. g4 g5+ 45. Ke4 Ke6 46. Kd4 Kd6 47. Ke4 {
White wants to mate with Kf5.} Ke6 48. Kd4 Kd6 49. Ke4 {Kf5 would kill now.}
Ke6 {Weighted Error Value: White=0.04/Black=0.03} 1/2-1/2

[Event "Skilling Open CCT 2021"]
[Site "Online"]
[Date "2020.11.19"]
[Round "8.5"]
[White "Giri, Anish"]
[Black "Nepomniachtchi, Ian"]
[Result "1/2-1/2"]
[WhiteElo "2731"]
[BlackElo "2778"]
[Annotator "TA"]
[PlyCount "75"]
[EventDate "2020.11.20"]
[EventType "tourn"]
[EventCountry "NET"]
[Tiebreak "Koya+Number of black wins+Number of wins"]
[SourceTitle "playchess.com"]
[Source "ChessBase"]
[SourceQuality "1"]

{[%evp 25,75,5,12,5,41,75,138,-26,-12,-37,-54,-36,-43,-36,-43,-39,-37,-24,-34,
-33,-45,-42,16,16,22,8,8,8,8,8,8,8,8,8,8,8,20,12,12,8,8,8,9,8,8,0,0,0,25,0,0,0]
} 1. Nf3 c5 2. c4 Nf6 3. Nc3 Nc6 4. e3 e6 5. d4 d5 6. cxd5 Nxd5 7. Bd3 Be7 8.
O-O O-O 9. a3 cxd4 10. exd4 b6 11. Qc2 Nf6 12. Be3 Bb7 13. Rad1 Rc8 14. Rfe1 {
B22: Sicilian: 2 c3.} h6 15. Qd2 Re8 {[#]} (15... h5 $142) 16. d5 $146 (16.
Bxh6 $1 $16 {[%mdl 512]} gxh6 {[#]} 17. d5 $1 {[%mdl 512]}) ({Predecessor:} 16.
Qe2 Nd5 17. Bc1 Na5 18. Ne5 Bg5 19. Qh5 Rf8 20. Ne4 Bxc1 21. Rxc1 Rxc1 22. Rxc1
{0-1 (73) Nistor,V (1881)-Vanduyfhuys,D (2058) Porto Carras 2018}) 16... Nxd5
$11 {[#]} 17. Bxh6 $1 {[%mdl 512]} Nxc3 (17... gxh6 18. Qxh6) 18. bxc3 Qd5 $1
19. Bg5 Bxg5 $1 20. Nxg5 {Threatens to win with Qf4.} Ne5 {[%csl Gb7][%cal
Rd5g2]} 21. Bh7+ Kf8 $1 {[%csl Gb7][%cal Rd5g2]} 22. Qxd5 exd5 23. Bf5 Rcd8 (
23... Rc4 $1 $15) 24. Be6 $1 f6 25. f4 $1 $36 {[%mdl 2048] White is more
active.} fxg5 26. Rxe5 {[%mdl 64] Double Attack} gxf4 {With the idea ...g6.}
27. Rd4 g5 $1 28. Rxg5 {And now Re5 would win.} Rxe6 29. Rxf4+ Ke7 {aiming for
...Kd6.} (29... Ke8 $5 30. Rg8+ $8 Kd7 31. Rf7+ Re7 32. Rxe7+ Kxe7 33. Rg7+ Kf6
34. Rxb7 Rc8 $14) 30. Rg7+ Kd6 {Hoping for ...Ba6.} 31. Rxb7 {[%mdl 4096]
Endgame KRR-KRR} Rc8 32. Rf3 Re1+ $1 33. Kf2 Rc1 34. Rxa7 Rc2+ 35. Kf1 Rc1+ 36.
Kf2 Rc2+ 37. Kf1 Rc1+ 38. Kf2 {Weighted Error Value: White=0.12/Black=0.08}
1/2-1/2

[Event "Skilling Open CCT 2021"]
[Site "Online"]
[Date "2020.11.19"]
[Round "8.6"]
[White "Karjakin, Sergey"]
[Black "Svidler, Peter"]
[Result "1/2-1/2"]
[WhiteElo "2709"]
[BlackElo "2742"]
[Annotator "TA"]
[PlyCount "84"]
[EventDate "2020.11.20"]
[EventType "tourn"]
[EventCountry "NET"]
[Tiebreak "Koya+Number of black wins+Number of wins"]
[SourceTitle "playchess.com"]
[Source "ChessBase"]
[SourceQuality "1"]

{[%evp 9,84,-3,0,0,2,0,0,0,-2,-2,0,-4,0,-5,-9,-18,-6,-6,-11,-10,-14,-25,-25,
-26,-36,-27,-22,-41,-8,-17,-10,-18,-22,-20,-17,-16,-10,-4,-8,-12,-16,-8,-12,
-18,-17,-24,-20,-30,-9,-8,-8,-98,0,0,0,0,0,0,0,0,0,0,0,-31,0,0,0,0,0,0,0,0,0,0,
0,0,0]} 1. d4 Nf6 2. Bg5 e6 3. Nd2 h6 4. Bh4 d5 5. e3 c5 6. c3 {A45:
Trompowsky Attack.} Nc6 7. Bd3 e5 8. dxe5 Nxe5 9. Bc2 Be7 10. Ngf3 {[#]} Nxf3+
$146 ({Predecessor:} 10... Nc6 11. h3 Be6 12. O-O a6 13. Re1 Qd7 14. Qe2 g5 15.
Bg3 g4 16. hxg4 Bxg4 {1/2-1/2 (57) Petr,J (2328)-Studnicka,T (2316) Czech
Republic 2018}) 11. Nxf3 Be6 12. Qd3 Ne4 13. Ba4+ Kf8 14. Bxe7+ Qxe7 15. O-O g6
16. c4 Rd8 17. Rad1 {[%cal Rc4d5]} Kg7 18. Qc2 Nf6 (18... a6 {is interesting.}
19. cxd5 Bxd5 20. Bb3 Bc6 21. Nd2 Nxd2 22. Rxd2 Rxd2 23. Qxd2 Rd8) 19. Bb3 dxc4
20. Bxc4 Bxc4 21. Qxc4 Rxd1 22. Rxd1 Rd8 23. Rxd8 Qxd8 24. g3 Qd5 25. Qxd5 Nxd5
$11 {[%mdl 4096] Endgame KN-KN} 26. a3 Kf6 27. Kf1 Ke6 28. Ke2 Nf6 29. Nd2 Kd5
30. Kd3 {[#]} (30. f3 $11) 30... Ng4 (30... Ne4 $1 $17 31. f3 (31. Nxe4 c4+ 32.
Ke2 Kxe4 $11) 31... Nxd2 32. Kxd2 Kc4) 31. e4+ Ke6 32. f3 Ne5+ 33. Ke3 f5 34.
h3 fxe4 35. Kxe4 Nf7 36. a4 b6 37. f4 {The position is equal.} Nd6+ 38. Kd3 Kd5
39. g4 a6 40. b3 b5 41. axb5 axb5 42. Nf3 c4+ {Weighted Error Value: White=0.
09/Black=0.07} 1/2-1/2

[Event "Skilling Open CCT 2021"]
[Site "Online"]
[Date "2020.11.19"]
[Round "8.7"]
[White "Nakamura, Hikaru"]
[Black "So, Wesley"]
[Result "1/2-1/2"]
[WhiteElo "2829"]
[BlackElo "2741"]
[Annotator "TA"]
[PlyCount "81"]
[EventDate "2020.11.20"]
[EventType "tourn"]
[EventCountry "NET"]
[Tiebreak "Koya+Number of black wins+Number of wins"]
[SourceTitle "playchess.com"]
[Source "ChessBase"]
[SourceQuality "1"]

{[%evp 15,81,19,15,14,14,14,14,17,17,19,11,10,10,10,9,12,15,15,16,13,18,18,11,
14,14,15,28,25,29,8,8,8,9,9,8,0,7,7,4,7,7,7,14,0,8,10,22,0,0,0,0,0,0,0,0,0,0,0,
0,-8,-13,-155,-80,-83,-43,-129,-116,-98]} 1. e4 e5 2. Nf3 Nc6 3. Bb5 Nf6 4. O-O
Nxe4 5. Re1 Nd6 6. Nxe5 Be7 7. Bf1 Nxe5 8. Rxe5 O-O 9. Nc3 {C67: Ruy Lopez:
Berlin Defence: 4 0-0 Nxe4.} Ne8 10. Nd5 Bd6 11. Re1 {The position is equal.}
c6 12. Ne3 Be7 13. c4 Nc7 14. d4 d5 15. cxd5 Bb4 16. Bd2 Bxd2 17. Qxd2 Nxd5 18.
Nxd5 Qxd5 19. Re5 Qd6 20. Bc4 b5 (20... Bd7 21. Rae1 Rae8 22. Qc3 Rxe5 23. dxe5
Qe7 24. Rd1 Be6 25. Bxe6 Qxe6 26. a3 f6 27. exf6 Qxf6 28. Qb3+ Kh8 29. f3 b6
30. Rd7 Rd8 31. Qf7 Qxf7 32. Rxd8+ Qg8 33. Rxg8+ Kxg8 34. Kf2 Kf7 35. Ke3 Ke6
36. Ke4 g6 {1-0 (52) Nakamura,H (2777)-So,W (2780) chess.com INT 2018}) 21. Bb3
a5 {[%cal Ba7a5,Ba5a4][%mdl 32]} 22. a3 a4 23. Ba2 Bd7 24. Rae1 Rae8 25. Qc3
Rxe5 26. dxe5 Qe7 27. Rd1 Bf5 28. Rd6 Rd8 29. Qd2 ({Don't go for} 29. Qxc6 $2
Rc8 $19) 29... Rxd6 30. exd6 {[#]} Qf6 $146 (30... Qe5 {seems wilder.} 31. h4
Bd7 32. Qa5 Kf8 33. Bb1 Bc8) ({Predecessor:} 30... Qe5 31. h3 Bd7 32. Qa5 Be8
33. Qd8 Qe1+ 34. Kh2 Qe5+ 35. Kg1 Qe1+ 36. Kh2 Qe5+ {1/2-1/2 (60) Kevlishvili,
R (2478)-Van Foreest,L (2531) Pardubice 2020}) 31. h3 g6 32. f4 Bd7 33. Bb1 c5
34. Be4 b4 35. Bd5 Kf8 36. Bc4 h5 37. Kh2 h4 38. g3 {[#]} (38. Be2 $11) 38...
hxg3+ (38... g5 $142 $1 {[%mdl 512]} 39. gxh4 (39. fxg5 Qe5) 39... gxf4) 39.
Kxg3 $17 Qf5 {aiming for ...bxa3.} 40. Bf1 (40. Qe3 $15) 40... g5 41. Qe3 {
Weighted Error Value: White=0.15/Black=0.04} 1/2-1/2

[Event "Skilling Open CCT 2021"]
[Site "Online"]
[Date "2020.11.19"]
[Round "8.8"]
[White "Le, Quang Liem"]
[Black "Vidit, Santosh Gujrathi"]
[Result "1/2-1/2"]
[WhiteElo "2744"]
[BlackElo "2636"]
[Annotator "RC"]
[PlyCount "84"]
[EventDate "2020.11.20"]
[EventType "tourn"]
[EventCountry "NET"]
[Tiebreak "Koya+Number of black wins+Number of wins"]
[SourceTitle "playchess.com"]
[Source "ChessBase"]
[SourceQuality "1"]
[TimeControl "900+10"]

1. e4 {[%emt 0:00:00]} e5 {[%emt 0:00:00]} 2. Nf3 {[%emt 0:00:00]} Nc6 {
[%emt 0:00:00]} 3. Bb5 {[%emt 0:00:00]} a6 {[%emt 0:00:00]} 4. Ba4 {[%emt 0:00:
00]} Nf6 {[%emt 0:00:00]} 5. O-O {[%emt 0:00:00]} Nxe4 {[%emt 0:00:00]} 6. d4 {
[%emt 0:00:00]} b5 {[%emt 0:00:00]} 7. Bb3 {[%emt 0:00:00]} d5 {[%emt 0:00:00]}
8. dxe5 {[%emt 0:00:00]} Be6 {[%emt 0:00:00]} 9. Nbd2 {[%emt 0:00:02]} Nc5 {
[%emt 0:00:00]} 10. c3 {[%emt 0:00:03]} d4 {[%emt 0:00:00]} 11. Bxe6 {[%emt 0:
00:06]} Nxe6 {[%emt 0:00:00]} 12. cxd4 {[%emt 0:00:01]} Ncxd4 {[%emt 0:00:02]}
13. a4 {[%emt 0:00:00]} Bb4 {[%emt 0:00:02]} 14. axb5 {[%emt 0:00:04]} Nxb5 {
[%emt 0:00:01]} 15. Qa4 {[%emt 0:00:25]} c5 {[%emt 0:00:02]} 16. Nc4 {[%emt 0:
01:12]} O-O {[%emt 0:00:03]} 17. Rd1 {[%emt 0:01:04]} Nbd4 {[%emt 0:05:21]} 18.
Nxd4 {[%emt 0:00:15]} Nxd4 {[%emt 0:00:00]} 19. Be3 {[%emt 0:00:02]} a5 {
[%emt 0:00:06]} 20. h3 {[%emt 0:05:42]} Ra6 {[%emt 0:02:19]} 21. Bxd4 {[%emt 0:
02:12]} cxd4 {[%emt 0:00:00]} 22. Nd6 {[%emt 0:00:38]} Qg5 {[%emt 0:04:30]} 23.
Rxd4 {[%emt 0:00:09]} Qxe5 {[%emt 0:00:12]} 24. Rxb4 {[%emt 0:00:04]} Rxd6 {
[%emt 0:02:30]} 25. Rb5 {[%emt 0:00:35]} Qe2 {[%emt 0:00:06]} 26. Qxa5 {
[%emt 0:00:45]} Rd2 {[%emt 0:00:22]} 27. Qb6 {[%emt 0:00:12]} Rfd8 {[%emt 0:00:
10]} 28. b4 {[%emt 0:03:13]} h6 {[%emt 0:00:03]} 29. Rba5 {[%emt 0:00:42]} R8d4
{[%emt 0:00:26]} 30. Rf5 {[%emt 0:00:27]} f6 {[%emt 0:01:34]} 31. Qb7 {[%emt 0:
01:16]} Rd7 {[%emt 0:01:55]} 32. Qc6 {[%emt 0:00:27]} R7d6 {[%emt 0:00:15]} 33.
Qc5 {[%emt 0:00:17]} Kh7 {[%emt 0:00:06]} 34. Kh2 {[%emt 0:00:17]} Qe4 {
[%emt 0:00:09]} 35. Ra7 {[%emt 0:00:16]} Rd7 {[%emt 0:00:18]} 36. Rxd7 {
[%emt 0:00:13]} Rxd7 {[%emt 0:00:00]} 37. Rf3 {[%emt 0:00:02]} Rd5 {[%emt 0:00:
10]} 38. Qc7 {[%emt 0:00:04]} Qxb4 {[%emt 0:00:10]} 39. Qf7 {[%emt 0:00:27]}
Qd6+ {[%emt 0:00:09]} 40. Rg3 {[%emt 0:00:02]} Rg5 {[%emt 0:00:01]} 41. Qb3 {
[%emt 0:00:07]} Rxg3 {[%emt 0:00:02]} 42. Qxg3 {[%emt 0:00:06]} Qe6 {[%emt 0:
00:01]} 1/2-1/2

[Event "Skilling Open CCT 2021"]
[Site "Online"]
[Date "2020.11.19"]
[Round "9.1"]
[White "Vidit, Santosh Gujrathi"]
[Black "Vachier-Lagrave, Maxime"]
[Result "1/2-1/2"]
[WhiteElo "2636"]
[BlackElo "2860"]
[Annotator "RC"]
[PlyCount "86"]
[EventDate "2020.11.20"]
[EventType "tourn"]
[EventCountry "NET"]
[Tiebreak "Koya+Number of black wins+Number of wins"]
[SourceTitle "playchess.com"]
[Source "ChessBase"]
[SourceQuality "1"]
[TimeControl "900+10"]

1. d4 {[%emt 0:00:00]} Nf6 {[%emt 0:00:00]} 2. c4 {[%emt 0:00:00]} g6 {[%emt 0:
00:00]} 3. Nc3 {[%emt 0:00:00]} d5 {[%emt 0:00:00]} 4. cxd5 {[%emt 0:00:00]}
Nxd5 {[%emt 0:00:00]} 5. e4 {[%emt 0:00:00]} Nxc3 {[%emt 0:00:00]} 6. bxc3 {
[%emt 0:00:00]} Bg7 {[%emt 0:00:00]} 7. Be3 {[%emt 0:00:00]} c5 {[%emt 0:00:00]
} 8. Nf3 {[%emt 0:00:00]} Qa5 {[%emt 0:00:01]} 9. Qd2 {[%emt 0:00:00]} O-O {
[%emt 0:00:01]} 10. Rc1 {[%emt 0:00:02]} Bg4 {[%emt 0:00:01]} 11. d5 {[%emt 0:
01:14]} b5 {[%emt 0:00:03]} 12. Bxc5 {[%emt 0:00:09]} Rc8 {[%emt 0:00:02]} 13.
Bb4 {[%emt 0:00:02]} Qc7 {[%emt 0:00:02]} 14. Nd4 {[%emt 0:00:00]} a5 {[%emt 0:
00:16]} 15. Ba3 {[%emt 0:00:01]} b4 {[%emt 0:00:04]} 16. Bb2 {[%emt 0:00:03]}
Qb6 {[%emt 0:00:09]} 17. Bb5 {[%emt 0:00:08]} e5 {[%emt 0:00:17]} 18. dxe6 {
[%emt 0:00:01]} Bxe6 {[%emt 0:00:02]} 19. Nxe6 {[%emt 0:00:03]} fxe6 {[%emt 0:
01:01]} 20. c4 {[%emt 0:00:03]} Rd8 {[%emt 0:00:07]} 21. c5 {[%emt 0:00:46]}
Rxd2 {[%emt 0:00:03]} 22. cxb6 {[%emt 0:00:01]} Rxb2 {[%emt 0:00:01]} 23. Rc8+
{[%emt 0:00:08]} Kf7 {[%emt 0:00:01]} 24. Rc7+ {[%emt 0:00:01]} Kf8 {[%emt 0:
00:01]} 25. Ra7 {[%emt 0:00:22]} Rb1+ {[%emt 0:00:38]} 26. Ke2 {[%emt 0:00:35]}
Rxh1 {[%emt 0:00:01]} 27. f4 {[%emt 0:00:05]} Rc1 {[%emt 0:01:03]} 28. Rxa8 {
[%emt 0:00:07]} Rc8 {[%emt 0:00:03]} 29. e5 {[%emt 0:00:33]} g5 {[%emt 0:00:06]
} 30. g3 {[%emt 0:00:02]} gxf4 {[%emt 0:00:01]} 31. gxf4 {[%emt 0:00:00]} Bh6 {
[%emt 0:00:24]} 32. Kf3 {[%emt 0:00:55]} Kg7 {[%emt 0:01:20]} 33. Ra7+ {
[%emt 0:00:44]} Kg8 {[%emt 0:00:02]} 34. Rc7 {[%emt 0:04:05]} Rf8 {[%emt 0:00:
13]} 35. Rc4 {[%emt 0:00:02]} Bg5 {[%emt 0:02:00]} 36. Kg4 {[%emt 0:02:05]} Bd8
{[%emt 0:00:03]} 37. b7 {[%emt 0:00:02]} Bb6 {[%emt 0:01:18]} 38. Rc8 {[%emt 0:
00:10]} Kg7 {[%emt 0:00:08]} 39. Kf3 {[%emt 0:02:31]} Ba7 {[%emt 0:00:42]} 40.
Be8 {[%emt 0:01:29]} Na6 {[%emt 0:00:47]} 41. Bb5 {[%emt 0:00:06]} Nb8 {
[%emt 0:00:12]} 42. Be8 {[%emt 0:00:01]} Na6 {[%emt 0:00:01]} 43. Bb5 {[%emt 0:
00:01]} Nb8 {[%emt 0:00:01]} 1/2-1/2

[Event "Skilling Open CCT 2021"]
[Site "Online"]
[Date "2020.11.19"]
[Round "9.2"]
[White "So, Wesley"]
[Black "Le, Quang Liem"]
[Result "1-0"]
[WhiteElo "2741"]
[BlackElo "2744"]
[Annotator "ChessBase"]
[PlyCount "83"]
[EventDate "2020.11.20"]
[EventType "tourn"]
[EventCountry "NET"]
[Tiebreak "Koya+Number of black wins+Number of wins"]
[SourceTitle "playchess.com"]
[Source "ChessBase"]
[SourceQuality "1"]
[TimeControl "900+10"]

1. e4 {[%emt 0:00:00]} e5 {[%emt 0:00:00]} 2. Nf3 {[%emt 0:00:00]} Nc6 {
[%emt 0:00:00]} 3. Bc4 {[%emt 0:00:00]} Bc5 {[%emt 0:00:00]} 4. O-O {[%emt 0:
00:03]} Nf6 {[%emt 0:00:00]} 5. d3 {[%emt 0:00:02]} d6 {[%emt 0:00:05]} 6. c3 {
[%emt 0:00:03]} a6 {[%emt 0:00:04]} 7. a4 {[%emt 0:00:09]} h6 {[%emt 0:00:15]}
8. Re1 {[%emt 0:00:04]} O-O {[%emt 0:00:04]} 9. h3 {[%emt 0:00:05]} Re8 {
[%emt 0:00:16]} 10. Nbd2 {[%emt 0:00:03]} Be6 {[%emt 0:00:23]} 11. Bxe6 {
[%emt 0:00:17]} Rxe6 {[%emt 0:00:00]} 12. b4 {[%emt 0:00:01]} Ba7 {[%emt 0:00:
01]} 13. Qc2 {[%emt 0:00:00]} Qd7 {[%emt 0:00:10]} 14. Nf1 {[%emt 0:00:15]} d5
{[%emt 0:00:33]} 15. Be3 {[%emt 0:00:09]} Bxe3 {[%emt 0:01:01]} 16. Nxe3 {
[%emt 0:00:00]} Rd8 {[%emt 0:00:19]} 17. b5 {[%emt 0:00:35]} Ne7 {[%emt 0:00:
57]} 18. c4 {[%emt 0:00:03]} d4 {[%emt 0:00:28]} 19. Nf5 {[%emt 0:00:03]} a5 {
[%emt 0:01:12]} 20. c5 {[%emt 0:00:49]} Re8 {[%emt 0:01:41]} 21. Ng3 {[%emt 0:
00:49]} Ng6 {[%emt 0:00:09]} 22. Rac1 {[%emt 0:00:53]} Nf4 {[%emt 0:00:24]} 23.
Kh2 {[%emt 0:00:29]} Nh7 {[%emt 0:04:30]} 24. Qd2 {[%emt 0:01:58]} f6 {[%emt 0:
00:12]} 25. Nf5 {[%emt 0:02:07]} Ng6 {[%emt 0:02:04]} 26. Qxa5 {[%emt 0:00:11]}
Ng5 {[%emt 0:00:01]} 27. Nxg5 {[%emt 0:00:54]} fxg5 {[%emt 0:00:00]} 28. c6 {
[%emt 0:01:55]} bxc6 {[%emt 0:00:00]} 29. bxc6 {[%emt 0:00:01]} Qf7 {[%emt 0:
00:11]} 30. Qb5 {[%emt 0:00:09]} Nh4 {[%emt 0:00:24]} 31. f3 {[%emt 0:01:35]}
Nxf5 {[%emt 0:01:02]} 32. exf5 {[%emt 0:00:00]} Qxf5 {[%emt 0:00:01]} 33. Re4 {
[%emt 0:00:02]} Qf8 {[%emt 0:00:15]} 34. a5 {[%emt 0:00:47]} Ra8 {[%emt 0:02:
26]} 35. a6 {[%emt 0:00:48]} Kh7 {[%emt 0:00:30]} 36. Qb7 {[%emt 0:00:39]} Qb8
{[%emt 0:00:36]} 37. Rb1 {[%emt 0:00:26]} Qa7 {[%emt 0:00:02]} 38. Ra1 {
[%emt 0:00:19]} Ree8 {[%emt 0:00:17]} 39. Qb5 {[%emt 0:00:13]} Qb6 {[%emt 0:00:
08]} 40. Rxe5 {[%emt 0:00:23]} Rxe5 {[%emt 0:00:29]} 41. Qxe5 {[%emt 0:00:00]}
Rxa6 {[%emt 0:00:30]} 42. Qf5+ {[%emt 0:00:11]} 1-0